Ιστορία της δυτικής μουσικής : Από την αρχαιότητα ως τις μέρες μας

Αποθηκεύτηκε σε:
Λεπτομέρειες βιβλιογραφικής εγγραφής
Κύριος συγγραφέας: Headington, Christopher
Άλλοι συγγραφείς: Δραγούμης, Μάρκος Φ., 1934- (Μεταφραστής)
Μορφή: Βιβλίο
Γλώσσα:Greek
English
Δημοσίευση: Αθήνα : Gutenberg, 1994.
Σειρά:Το μυστικό και το παράδειγμα ; 1-2
Θέματα:
Ετικέτες: Προσθήκη ετικέτας
Δεν υπάρχουν, Καταχωρήστε ετικέτα πρώτοι!

MARC

LEADER 00000cam a2200000 i 4500
001 1/59809
008 960208s1994 gr | ||| |||| ||gre||
020 |a 9600104816 
020 |a 9600104824 
020 |a 9600104808 
035 |a 1995  |c ΚΟΝΙΟΡΔΟΣ  |l 10046142 
040 |a GR-MyUA  |b gre  |e AACR2 
041 1 |a gre  |h eng 
082 0 |a 780.94 
100 1 |a Headington, Christopher. 
245 1 0 |a Ιστορία της δυτικής μουσικής :   |b Από την αρχαιότητα ως τις μέρες μας /   |c Cristopher Headington ; πρόλογος-μετάφραση Μάρκος Δραγούμης.  
260 |a Αθήνα :   |b Gutenberg,   |c 1994.  
300 |a 2 τ. ;   |c 24 εκ.  
490 1 |a (Το μυστικό και το παράδειγμα   |v ; 1-2)  
500 |a Τίτλος πρωτοτύπου: History of western music.  
505 0 |a Τ. 1. Από την αρχαιότητα μέχρι τον Beethoven -- τ. 2. Από τον Γερμανικό ρομαντισμό κι' εφεξής.  
650 0 0 |a Music  |x History and criticism. 
700 1 |a Δραγούμης, Μάρκος Φ.,   |d 1934-  |e trl 
830 0 |a Το μυστικό και το παράδειγμα ;  |v  1-2 
852 |a INST  |b LESVOS  |e 19960531  |h 780 HEA  |p 005100010025  |q 005100010025  |t BK  |y 0  |z v.1 
852 |a INST  |b LESVOS  |e 19960531  |h 780 HEA  |p 005100010026  |q 005100010026  |t BK  |y 0  |z v.2 
852 |a INST  |b LESVOS  |e 19960531  |h 780 HEA  |p 005100010025  |q 005100010025  |t BK  |v v.1:  |y 0  |z v.1 
852 |a INST  |b LESVOS  |e 19960531  |h 780 HEA  |p 005100010026  |q 005100010026  |t BK  |v v.2:  |y 0  |z v.2 
852 |a INST  |b SAMOS  |e 19960208  |h 780.94 HEA  |p 005300004643  |q 005300004643  |t BK  |y 0  |z τ.2 
852 |a INST  |b SAMOS  |e 19960208  |h 780.94 HEA  |p 005300004643  |q 005300004643  |t BK  |v τ.2:  |y 0  |z τ.2 
852 |a INST  |b SAMOS  |e 19960208  |h 780.94 ΗΕΑ  |p 005300004642  |q 005300004642  |t BK  |y 0  |z τ.1 
852 |a INST  |b SAMOS  |e 19960208  |h 780.94 ΗΕΑ  |p 005300004642  |q 005300004642  |t BK  |v τ.1:  |y 0  |z τ.1 
853 |a INST  |b LESVOS  |h 780 HEA 
853 |a INST  |b SAMOS  |h 780.94 HEA 
853 |a INST  |b SAMOS  |h 780.94 ΗΕΑ 
909 |a Σ  |b 041435 
909 |a Σ  |b 041434 
909 |a Λ  |b 044995 
909 |a Λ  |b 044996